000 00529nam a2200181Ia 4500
999 _c9905
_d9905
003 OSt
005 20191217115237.0
008 190216s9999||||xx |||||||||||||| ||und||
020 _a8120717171
040 _coclc
082 _a330.954
_bTHA/I
100 _aThakur, S Y
_9518
245 0 _aIndian Economic Development Retrospect And Prospect /
_cS Y Thakur
260 _bSterling Publications,
_c1994.
_aNoida:
300 _a206p
650 _aEconomics
942 _cBK
_2ddc
_h330.954
_iTHA/I
_k330.954
_mTHA/I